Tampereen raitiotien pysäkit - Statistics

Yleistilastot
  • Tätä visaa on pelattu 193 kertaa
    117 viimeisimmän päivityksen jälkeen
  • Keskiarvotulos 23 / 31
Vastaustilastot
Hint Vastaus % Oikein
1 TAYS
95%
1 Rautatieasema
93%
3 Rautatieasema
93%
3 Kaleva
91%
1 Keskustori
87%
1 Tulli
87%
3 Tulli
87%
1 Koskipuisto
86%
3 Koskipuisto
86%
3 Hervantajärvi
85%
3 Sorin aukio
85%
3 Hervantakeskus
78%
1 Santalahti
78%
1 Pyynikintori
77%
3 Turtola
77%
3 Opiskelija
76%
1 Sammonaukio
76%
1 Tuulensuu
70%
3 Sammonaukio
69%
1 Särkänniemi
69%
3 Uintikeskus
69%
3 Hakametsä
68%
3 Pohjois-Hervanta
68%
1 Hippos
67%
1 Kaupin kampus
67%
3 Hallila
66%
1 Kalevan kirkko
62%
3 Kalevanrinne
62%
3 Etelä-Hervanta
53%
1 Tikkutehdas
53%
3 Hervannan kampus
49%
Ehtoja vastaavia visoja ei löytynyt
Tulosjakauma
Jokaisen tuloksen saaneiden osuus
Persentiili vastausten määrän mukaan
Tuloshistoriasi
Et ole pelannut tätä visaa sen viimeisimmän päivityksen jälkeen